000 00345nam a22001577a 4500
003 SGT
020 _a9788180388927
082 _a340,SIN
100 _aSINGH AVTAR
245 _aINTRODUCTION TO JURISPRUDENCE
250 _a4TH
260 _aNEW DELHI
_bLEXIS NEXIS
_c2015
300 _a463
650 _a JURISPRUDENCE
942 _2ddc
_cBK
_024
999 _c10206
_d10206